[Event "NB I. Charousek csoport"]
[Site "Biatorbagy"]
[Date "2023.12.10"]
[Round "5.11"]
[White "Biro, Sandor"]
[Black "Makay, Mark Janos"]
[Result "1-0"]
[WhiteElo "2089"]
[BlackElo "2058"]
[PlyCount "57"]
[EventDate "2023.10.08"]
[EventType "team-tourn"]
[EventRounds "11"]
[EventCountry "HUN"]
[Source "chess.hu"]
[WhiteTeam "SZ-A STE"]
[BlackTeam "Biatorbagy II"]
[WhiteTeamCountry "HUN"]
[BlackTeamCountry "HUN"]

1. e4 c5 2. Nf3 e6 3. c3 Nf6 4. e5 Nd5 5. d4 cxd4 6. cxd4 d6 7. a3 Nc6 8. Bd3
Be7 9. O-O O-O 10. Re1 dxe5 11. dxe5 Qc7 12. Bd2 b6 13. Nc3 Nxc3 14. Bxc3 Bb7
15. Rc1 Rac8 16. Qe2 Qb8 17. h4 Na5 18. Ng5 h6 19. Ne4 Nb3 20. Rcd1 Rfd8 21.
Nd6 Rxd6 22. exd6 Bxd6 23. Qg4 Bf8 24. Be5 Qa8 25. Re3 Re8 26. Bf6 e5 27. Rg3
Bc8 28. Qxg7+ Bxg7 29. Rxg7+ 1-0

[Event "NB I. Charousek csoport"]
[Site "Budapest"]
[Date "2023.12.10"]
[Round "5.1"]
[White "Horvath, Adam"]
[Black "Juhasz, Agoston"]
[Result "1/2-1/2"]
[WhiteElo "2439"]
[BlackElo "2409"]
[PlyCount "33"]
[EventDate "2023.10.08"]
[EventType "team-tourn"]
[EventRounds "11"]
[EventCountry "HUN"]
[Source "chess.hu"]
[WhiteTeam "Z.Csuti-Hydrocomp SK"]
[BlackTeam "MTK Budapest"]
[WhiteTeamCountry "HUN"]
[BlackTeamCountry "HUN"]

1. e4 c5 2. Ne2 Nf6 3. Nbc3 d5 4. exd5 Nxd5 5. g3 Nxc3 6. Nxc3 Bd7 7. d4 cxd4
8. Qxd4 Bc6 9. Qxd8+ Kxd8 10. Rg1 Nd7 11. Be3 e6 12. O-O-O a6 13. Rd4 Rc8 14.
Rd3 Ke8 15. f4 Bc5 16. Bg2 Ke7 17. a3 1/2-1/2

[Event "NB I. Charousek csoport"]
[Site "Budapest"]
[Date "2023.12.10"]
[Round "5.2"]
[White "Juhasz, Armin"]
[Black "Meszaros, Tamas"]
[Result "1/2-1/2"]
[WhiteElo "2388"]
[BlackElo "2375"]
[PlyCount "77"]
[EventDate "2023.10.08"]
[EventType "team-tourn"]
[EventRounds "11"]
[EventCountry "HUN"]
[Source "chess.hu"]
[WhiteTeam "MTK Budapest"]
[BlackTeam "Z.Csuti-Hydrocomp SK"]
[WhiteTeamCountry "HUN"]
[BlackTeamCountry "HUN"]

1. d4 Nf6 2. c4 e6 3. Nf3 d5 4. Nc3 a6 5. cxd5 exd5 6. Bg5 Be7 7. e3 Be6 8. Bd3
Nbd7 9. h3 c5 10. dxc5 Nxc5 11. O-O Nfe4 12. Bxe7 Qxe7 13. Rc1 O-O 14. Bb1 Nxc3
15. Rxc3 Ne4 16. Rc1 Qb4 17. Qd4 Qxd4 18. Nxd4 Nd2 19. Rfd1 Nxb1 20. Rxb1 Rfc8
21. Rbc1 Rxc1 22. Rxc1 Rc8 23. Rxc8+ Bxc8 24. Kf1 Kf8 25. Ke2 Ke7 26. Kd3 Kd6
27. Nb3 Bd7 28. Kd4 Bb5 29. Nd2 Be2 30. h4 f6 31. Nb1 Bf1 32. g3 Bg2 33. Nc3 b6
34. a3 Bf3 35. Na2 Ke6 36. Nb4 a5 37. Na2 g5 38. Nc3 h5 39. Na4 1/2-1/2

[Event "NB I. Charousek csoport"]
[Site "Budapest"]
[Date "2023.12.10"]
[Round "5.3"]
[White "Nagy, Kristof"]
[Black "Papp, Levente"]
[Result "1/2-1/2"]
[WhiteElo "2215"]
[BlackElo "2344"]
[PlyCount "65"]
[EventDate "2023.10.08"]
[EventType "team-tourn"]
[EventRounds "11"]
[EventCountry "HUN"]
[Source "chess.hu"]
[WhiteTeam "Z.Csuti-Hydrocomp SK"]
[BlackTeam "MTK Budapest"]
[WhiteTeamCountry "HUN"]
[BlackTeamCountry "HUN"]

1. d4 Nf6 2. Nf3 b6 3. Bf4 Bb7 4. e3 Nh5 5. Bg5 h6 6. Bh4 g5 7. Bg3 Nxg3 8.
hxg3 Bg7 9. Bd3 d6 10. c3 Nd7 11. Nbd2 e6 12. Qe2 a6 13. a4 Qe7 14. Be4 Bxe4
15. Nxe4 d5 16. Ned2 c5 17. a5 b5 18. O-O O-O 19. e4 dxe4 20. Qxe4 cxd4 21.
Nxd4 Nc5 22. Qe3 Qc7 23. Rac1 Nb7 24. b4 Nd6 25. N4b3 Rfd8 26. Nc5 Bf8 27. Nde4
Nc4 28. Nf6+ Kg7 29. Nh5+ Kh8 30. Qf3 Bg7 31. Rfd1 Ne5 32. Qe2 Nc4 33. Qf3
1/2-1/2

[Event "NB I. Charousek csoport"]
[Site "Budapest"]
[Date "2023.12.10"]
[Round "5.4"]
[White "Ongut, Tamas Gunes"]
[Black "Pogany, Zsombor"]
[Result "1/2-1/2"]
[WhiteElo "2313"]
[BlackElo "2216"]
[PlyCount "152"]
[EventDate "2023.10.08"]
[EventType "team-tourn"]
[EventRounds "11"]
[EventCountry "HUN"]
[Source "chess.hu"]
[WhiteTeam "MTK Budapest"]
[BlackTeam "Z.Csuti-Hydrocomp SK"]
[WhiteTeamCountry "HUN"]
[BlackTeamCountry "HUN"]

1. c4 Nf6 2. Nc3 d5 3. cxd5 Nxd5 4. h4 c5 5. g3 e5 6. Bg2 Be6 7. Nf3 Nxc3 8.
bxc3 Nc6 9. Rb1 Qc7 10. Ng5 Bxa2 11. Rb2 Bc4 12. Qa4 Ba6 13. Bd5 O-O-O 14. Bxc6
h6 15. Bf3 hxg5 16. Bg4+ Rd7 17. d3 Be7 18. h5 Kd8 19. Bxd7 Qxd7 20. Qxd7+ Kxd7
21. c4 Kc6 22. f3 f6 23. Kf2 b5 24. cxb5+ Bxb5 25. Be3 a6 26. g4 Kd5 27. Rc1
Rc8 28. Bd2 Rc6 29. Ba5 Ke6 30. Rbc2 Kd5 31. Rc3 Kd6 32. e3 Kd5 33. Ke1 Bf8 34.
Kd2 Be7 35. Kc2 Ba4+ 36. Kd2 Bb5 37. Rb1 Rc8 38. Rbc1 Rc6 39. Rb3 Bf8 40. Rcb1
Rc8 41. Rxb5 axb5 42. Rxb5 Ra8 43. Kc3 Ra6 44. Rb6 Rxb6 45. Bxb6 Be7 46. Ba5
Bd6 47. Bd8 Bf8 48. Kb3 Bd6 49. Ba5 Be7 50. Bc3 Bd8 51. Ka4 Kc6 52. Bb2 Bc7 53.
Bc3 Bd8 54. Be1 Bb6 55. Bg3 Bc7 56. Be1 Bb6 57. Bd2 Bc7 58. Bc1 Bd8 59. Ba3 Be7
60. Bb2 Bf8 61. Kb3 Kd5 62. Ba3 Be7 63. Bc1 Bd8 64. Bd2 Bb6 65. Bc3 Bc7 66. e4+
Kc6 67. Kc4 Bd8 68. Bd2 Bc7 69. Bc1 Bd8 70. Bb2 Bc7 71. Bc3 Bd8 72. Kb3 Kb5 73.
Bd2 Bc7 74. Bc1 Bd8 75. Kc3 Ba5+ 76. Kb3 Bd8 1/2-1/2

[Event "NB I. Charousek csoport"]
[Site "Budapest"]
[Date "2023.12.10"]
[Round "5.5"]
[White "Csiszar, Zoltan"]
[Black "Matyassy, Lazar"]
[Result "1-0"]
[WhiteElo "2248"]
[BlackElo "2197"]
[PlyCount "85"]
[EventDate "2023.10.08"]
[EventType "team-tourn"]
[EventRounds "11"]
[EventCountry "HUN"]
[Source "chess.hu"]
[WhiteTeam "Z.Csuti-Hydrocomp SK"]
[BlackTeam "MTK Budapest"]
[WhiteTeamCountry "HUN"]
[BlackTeamCountry "HUN"]

1. d4 Nf6 2. c4 e6 3. Nc3 Bb4 4. e3 b6 5. Nge2 Ne4 6. Qb3 Qe7 7. a3 Ba5 8. Qc2
Nxc3 9. Nxc3 c5 10. Bd2 Bxc3 11. Bxc3 cxd4 12. Bxd4 e5 13. Bc3 Nc6 14. Bd3 h6
15. Be4 O-O 16. O-O Ba6 17. Qa4 Bb7 18. Rfd1 Rac8 19. Bb4 Qh4 20. Bf3 Qxc4 21.
b3 Qe6 22. Bd5 Qg4 23. Bxf8 Qxa4 24. bxa4 Kxf8 25. Rac1 Ke7 26. Bxf7 Kxf7 27.
Rxd7+ Ne7 28. Rxc8 Bxc8 29. Rxa7 Ke6 30. a5 b5 31. a6 Kd6 32. Ra8 Kc7 33. a7
Kb7 34. Rb8+ Kxa7 35. Rxb5 Nc6 36. Rd5 Kb6 37. Rd6 Bf5 38. f3 Kc5 39. Rd1 Be6
40. Rb1 Na5 41. Rb8 Nc4 42. Kf2 Nxa3 43. Rb7 1-0

[Event "NB I. Charousek csoport"]
[Site "Budapest"]
[Date "2023.12.10"]
[Round "5.6"]
[White "Kovacsy, Barnabas"]
[Black "Dobos, Jozsef"]
[Result "1/2-1/2"]
[WhiteElo "2269"]
[BlackElo "2224"]
[PlyCount "108"]
[EventDate "2023.10.08"]
[EventType "team-tourn"]
[EventRounds "11"]
[EventCountry "HUN"]
[Source "chess.hu"]
[WhiteTeam "MTK Budapest"]
[BlackTeam "Z.Csuti-Hydrocomp SK"]
[WhiteTeamCountry "HUN"]
[BlackTeamCountry "HUN"]

1. e4 e6 2. d4 d5 3. Nc3 Bb4 4. e5 c5 5. a3 Bxc3+ 6. bxc3 Nc6 7. Qg4 g6 8. Nf3
Qa5 9. Bd2 c4 10. Qf4 h6 11. Be2 Bd7 12. h4 Rh7 13. O-O O-O-O 14. Qe3 Rf8 15.
Nh2 f5 16. exf6 Nxf6 17. Ng4 Ne4 18. Bf3 Nxd2 19. Qxd2 Qd8 20. Ne5 Nxe5 21.
dxe5 Qxh4 22. Qe3 Kb8 23. Rfb1 Qe7 24. Rb4 Bc6 25. Rab1 Ka8 26. a4 Qc7 27. Bg4
h5 28. Bh3 Qe7 29. a5 g5 30. a6 b6 31. g3 Rhf7 32. Bg2 Qc7 33. Re1 Rf5 34. Qd4
Kb8 35. Bh3 g4 36. Bg2 Kc8 37. Qe3 Qe7 38. Re2 Qc5 39. Qd4 Kc7 40. Qd2 Bd7 41.
Rb1 Qa5 42. Rd1 Qc5 43. Qe1 Bc6 44. Rd4 Qe7 45. Qd1 Qg5 46. Rxc4 Rxe5 47. Rxe5
Qxe5 48. Rd4 Bb5 49. Qc1 Rf6 50. Qa3 Qe1+ 51. Kh2 Rxf2 52. Qe7+ Bd7 53. Rc4+
dxc4 54. Qxd7+ Kxd7 1/2-1/2

[Event "NB I. Charousek csoport"]
[Site "Budapest"]
[Date "2023.12.10"]
[Round "5.7"]
[White "Horvath, Sandor"]
[Black "Geher, Koppany"]
[Result "0-1"]
[WhiteElo "2209"]
[BlackElo "2246"]
[PlyCount "54"]
[EventDate "2023.10.08"]
[EventType "team-tourn"]
[EventRounds "11"]
[EventCountry "HUN"]
[Source "chess.hu"]
[WhiteTeam "Z.Csuti-Hydrocomp SK"]
[BlackTeam "MTK Budapest"]
[WhiteTeamCountry "HUN"]
[BlackTeamCountry "HUN"]

1. e4 c5 2. g3 d5 3. exd5 Qxd5 4. Nf3 Bg4 5. Bg2 Nc6 6. h3 Qe6+ 7. Kf1 Bh5 8.
Nc3 Qd7 9. d3 Nf6 10. g4 Bg6 11. Bf4 e6 12. Ne5 Nxe5 13. Bxe5 Bd6 14. Bxd6 Qxd6
15. Ne4 Bxe4 16. dxe4 Qe5 17. c3 Ke7 18. Bf3 Rad8 19. Qb3 b6 20. Kg2 h5 21. Qa4
a5 22. Rad1 hxg4 23. hxg4 Rxh1 24. Rxh1 Qf4 25. Rd1 Nxg4 26. Qc2 Qh2+ 27. Kf1
Ne3+ 0-1

[Event "NB I. Charousek csoport"]
[Site "Budapest"]
[Date "2023.12.10"]
[Round "5.8"]
[White "Fodor, Balazs"]
[Black "Farkas, Zsolt"]
[Result "1-0"]
[WhiteElo "2225"]
[BlackElo "2152"]
[PlyCount "109"]
[EventDate "2023.10.08"]
[EventType "team-tourn"]
[EventRounds "11"]
[EventCountry "HUN"]
[Source "chess.hu"]
[WhiteTeam "MTK Budapest"]
[BlackTeam "Z.Csuti-Hydrocomp SK"]
[WhiteTeamCountry "HUN"]
[BlackTeamCountry "HUN"]

1. d4 f5 2. e4 fxe4 3. Nc3 Nf6 4. Bg5 e6 5. Nxe4 Be7 6. Bxf6 Bxf6 7. Nf3 d5 8.
Nxf6+ Qxf6 9. Bd3 c5 10. c3 O-O 11. O-O Nc6 12. Re1 Bd7 13. Bb5 Rae8 14. Bxc6
Bxc6 15. Qd2 Re7 16. Ne5 Be8 17. dxc5 Bg6 18. Qd4 Be4 19. f3 Bf5 20. Re3 h5 21.
Rae1 g5 22. c6 bxc6 23. Nxc6 Rc7 24. Qxf6 Rxf6 25. Nd4 Kf7 26. Nxf5 exf5 27.
Re5 d4 28. cxd4 Rc2 29. R1e2 Rxe2 30. Rxe2 Rd6 31. Rd2 Ke6 32. d5+ Ke5 33. Kf2
g4 34. fxg4 hxg4 35. h3 gxh3 36. gxh3 Ke4 37. b4 f4 38. a4 f3 39. Rd1 Rg6 40.
Rg1 Rh6 41. Rg4+ Kxd5 42. h4 Rf6 43. h5 Ke5 44. Rh4 Rh6 45. Kxf3 Kf5 46. Rh1
Kg5 47. b5 a6 48. Ke4 axb5 49. axb5 Kf6 50. Kd5 Ke7 51. Kc5 Kd7 52. b6 Rc6+ 53.
Kb5 Rh6 54. Ka6 Kc6 55. b7 1-0

[Event "NB I. Charousek csoport"]
[Site "Budapest"]
[Date "2023.12.10"]
[Round "5.9"]
[White "Forgo, Eva"]
[Black "Terbe, Zsuzsanna"]
[Result "1/2-1/2"]
[WhiteElo "2061"]
[BlackElo "2196"]
[PlyCount "56"]
[EventDate "2023.10.08"]
[EventType "team-tourn"]
[EventRounds "11"]
[EventCountry "HUN"]
[Source "chess.hu"]
[WhiteTeam "Z.Csuti-Hydrocomp SK"]
[BlackTeam "MTK Budapest"]
[WhiteTeamCountry "HUN"]
[BlackTeamCountry "HUN"]

1. e4 c5 2. Nf3 Nc6 3. d4 cxd4 4. Nxd4 Nf6 5. Nc3 e5 6. Ndb5 d6 7. Bg5 a6 8.
Na3 b5 9. Nd5 Be7 10. Nxe7 Nxe7 11. Bxf6 gxf6 12. Bd3 f5 13. exf5 Bxf5 14. c3
e4 15. Be2 Rg8 16. g3 d5 17. Nc2 Be6 18. Qd2 Qb6 19. Qd4 Qxd4 20. Nxd4 Kd7 21.
Kd2 Nc6 22. Nxc6 Kxc6 23. Ke3 f5 24. a4 Rgb8 25. axb5+ axb5 26. b4 Bd7 27. Rhd1
Kd6 28. f4 Rc8 1/2-1/2

[Event "NB I. Charousek csoport"]
[Site "Budapest"]
[Date "2023.12.10"]
[Round "5.10"]
[White "Gergely, Daniel"]
[Black "Bardossi, Jeno"]
[Result "1-0"]
[WhiteElo "2285"]
[BlackElo "2047"]
[PlyCount "151"]
[EventDate "2023.10.08"]
[EventType "team-tourn"]
[EventRounds "11"]
[EventCountry "HUN"]
[Source "chess.hu"]
[WhiteTeam "MTK Budapest"]
[BlackTeam "Z.Csuti-Hydrocomp SK"]
[WhiteTeamCountry "HUN"]
[BlackTeamCountry "HUN"]

1. d4 Nf6 2. c4 e6 3. Nc3 Bb4 4. Qc2 c5 5. dxc5 Na6 6. a3 Bxc3+ 7. Qxc3 Nxc5 8.
f3 d6 9. b4 Na6 10. e4 Nc7 11. Bd3 b6 12. Ne2 Bb7 13. Be3 O-O 14. O-O Rc8 15.
Rfd1 Qe7 16. a4 Nd7 17. a5 b5 18. cxb5 Nxb5 19. Qd2 Bc6 20. Bxb5 Bxb5 21. Bxa7
Ne5 22. Bf2 Nc4 23. Qa2 Ra8 24. Nd4 Qb7 25. Rac1 Rfc8 26. Rc2 d5 27. Rdc1 Rcb8
28. exd5 exd5 29. h3 h6 30. Nb3 Qd7 31. Rd1 Qb7 32. Bc5 Ra6 33. Re1 Rg6 34. Re7
Qc8 35. Kh2 Rb7 36. Rxb7 Qxb7 37. Nd4 Bd7 38. Ne2 Qb8+ 39. Kh1 Bb5 40. Qb3 Qe5
41. Qc3 Qc7 42. Qd4 Re6 43. Qf4 Qb7 44. Ng3 Ne5 45. Nf5 Ng6 46. Qd4 Re1+ 47.
Kh2 f6 48. Nd6 Qc6 49. Nxb5 Qxb5 50. Qxd5+ Kh7 51. Rd2 Qf1 52. Qf5 Qh1+ 53. Kg3
Re5 54. Qc2 Rg5+ 55. Kf2 Qxg2+ 56. Ke3 Re5+ 57. Kd3 Qxf3+ 58. Kc4 Qxh3 59. a6
Qe6+ 60. Kb5 Qe8+ 61. Ka5 Qc6 62. a7 f5 63. Rd6 Qb7 64. Ra6 Re1 65. a8=Q Ra1+
66. Qa4 Qc7+ 67. Rb6 Rxa4+ 68. Kxa4 Ne5 69. Qb7 Qd8 70. Ra6 Qd1+ 71. Ka5 Nc4+
72. Kb5 Qf1 73. Kc6 h5 74. Ra7 Ne5+ 75. Kd6 Nc4+ 76. Ke7 1-0

[Event "NB I. Charousek csoport"]
[Site "Budapest"]
[Date "2023.12.10"]
[Round "5.11"]
[White "Majoros, Rozsa Evelin"]
[Black "Toth, Lili"]
[Result "0-1"]
[WhiteElo "2006"]
[BlackElo "1834"]
[PlyCount "62"]
[EventDate "2023.10.08"]
[EventType "team-tourn"]
[EventRounds "11"]
[EventCountry "HUN"]
[Source "chess.hu"]
[WhiteTeam "Z.Csuti-Hydrocomp SK"]
[BlackTeam "MTK Budapest"]
[WhiteTeamCountry "HUN"]
[BlackTeamCountry "HUN"]

1. e4 c6 2. d4 d5 3. e5 Bf5 4. h4 h5 5. Bd3 Bxd3 6. Qxd3 Qa5+ 7. Nd2 e6 8. Ne2
Nh6 9. c4 Nf5 10. Nc3 Qa6 11. b3 Nd7 12. Bb2 c5 13. Nb5 dxc4 14. Nc7+ Kd8 15.
Qxf5 Kxc7 16. Qxf7 cxd4 17. bxc4 Bb4 18. Bxd4 Raf8 19. Qg6 Qxc4 20. Be3 Kb8 21.
Qg3 Ka8 22. a3 Bc3 23. Rb1 Qd3 24. Rb3 Nc5 25. Rxc3 Qxc3 26. O-O Nd3 27. Qxg7
Rhg8 28. Qh7 Nxe5 29. Qxh5 Qc6 30. f3 Qd5 31. Ne4 Nxf3+ 0-1

[Event "NB I. Charousek csoport"]
[Site "Budapest"]
[Date "2023.12.10"]
[Round "5.12"]
[White "Kaloczi, Kristof"]
[Black "Borocz, Lorinc"]
[Result "1/2-1/2"]
[WhiteElo "2053"]
[BlackElo "1922"]
[PlyCount "42"]
[EventDate "2023.10.08"]
[EventType "team-tourn"]
[EventRounds "11"]
[EventCountry "HUN"]
[Source "chess.hu"]
[WhiteTeam "MTK Budapest"]
[BlackTeam "Z.Csuti-Hydrocomp SK"]
[WhiteTeamCountry "HUN"]
[BlackTeamCountry "HUN"]

1. e4 c5 2. Nf3 Nc6 3. d4 cxd4 4. Nxd4 Nf6 5. Nc3 e5 6. Ndb5 d6 7. Bg5 a6 8.
Na3 b5 9. Nab1 Be7 10. Bxf6 Bxf6 11. a4 b4 12. Nd5 O-O 13. Bc4 Bb7 14. Qd3 a5
15. O-O Bg5 16. c3 Rc8 17. b3 bxc3 18. Nbxc3 Nd4 19. Nb5 Bxd5 20. Bxd5 Qb6 21.
Bc4 Nxb5 1/2-1/2

[Event "NB I. Charousek csoport"]
[Site "Komlo"]
[Date "2023.12.10"]
[Round "5.1"]
[White "Vertetics, Attila"]
[Black "Csiszar, Csaba"]
[Result "1/2-1/2"]
[WhiteElo "2448"]
[BlackElo "2372"]
[PlyCount "21"]
[EventDate "2023.10.08"]
[EventType "team-tourn"]
[EventRounds "11"]
[EventCountry "HUN"]
[Source "chess.hu"]
[WhiteTeam "Gyori Elektromos"]
[BlackTeam "Komloi BSK"]
[WhiteTeamCountry "HUN"]
[BlackTeamCountry "HUN"]

1. b3 Nf6 2. Bb2 g6 3. Nf3 Bg7 4. g3 b6 5. Bg2 Bb7 6. O-O c5 7. c4 d6 8. Nc3
O-O 9. d4 cxd4 10. Qxd4 Nbd7 11. Rfd1 1/2-1/2

[Event "NB I. Charousek csoport"]
[Site "Komlo"]
[Date "2023.12.10"]
[Round "5.2"]
[White "Leventic, Ivan"]
[Black "Ezsol, Miklos"]
[Result "1/2-1/2"]
[WhiteElo "2364"]
[BlackElo "2321"]
[PlyCount "47"]
[EventDate "2023.10.08"]
[EventType "team-tourn"]
[EventRounds "11"]
[EventCountry "HUN"]
[Source "chess.hu"]
[WhiteTeam "Komloi BSK"]
[BlackTeam "Gyori Elektromos"]
[WhiteTeamCountry "HUN"]
[BlackTeamCountry "HUN"]

1. e4 c6 2. Nf3 d5 3. d3 dxe4 4. dxe4 Qxd1+ 5. Kxd1 Bg4 6. Be2 Nd7 7. Ne1 Bxe2+
8. Kxe2 g6 9. Nd3 Bg7 10. c3 Ne5 11. Nxe5 Bxe5 12. a4 Nf6 13. f3 Nd7 14. Na3
Bc7 15. Be3 a6 16. Nc4 O-O 17. Rhd1 Rfd8 18. h3 Kf8 19. a5 Ne5 20. Nb6 Bxb6 21.
Bxb6 Rxd1 22. Rxd1 Ke8 23. Be3 Rd8 24. Rd4 1/2-1/2

[Event "NB I. Charousek csoport"]
[Site "Komlo"]
[Date "2023.12.10"]
[Round "5.3"]
[White "Farkas, Lajos Dr"]
[Black "Mrkonjic, Nenad"]
[Result "0-1"]
[WhiteElo "2183"]
[BlackElo "2344"]
[PlyCount "115"]
[EventDate "2023.10.08"]
[EventType "team-tourn"]
[EventRounds "11"]
[EventCountry "HUN"]
[Source "chess.hu"]
[WhiteTeam "Gyori Elektromos"]
[BlackTeam "Komloi BSK"]
[WhiteTeamCountry "HUN"]
[BlackTeamCountry "HUN"]

1. d4 Nf6 2. Nf3 b5 3. b3 e6 4. Bb2 Bb7 5. Nbd2 c5 6. e3 cxd4 7. exd4 b4 8. Bd3
Be7 9. O-O O-O 10. Nc4 a5 11. a3 Nc6 12. Nfe5 Qc7 13. a4 d6 14. Nxc6 Qxc6 15.
Ne3 d5 16. Rc1 Ba6 17. c4 bxc3 18. Rxc3 Qb6 19. Bxa6 Qxa6 20. Qc2 Rfb8 21. Rc1
Bf8 22. f3 h5 23. Kf2 g6 24. Qd3 Qd6 25. g3 Rb6 26. Nc2 Qb8 27. Na3 Ne8 28. Nb5
Qd8 29. Rc6 Nd6 30. Nc7 Rxc6 31. Rxc6 Qd7 32. Rc2 Rc8 33. Na6 h4 34. Nc5 hxg3+
35. hxg3 Qc7 36. Rc1 Nf5 37. Ne4 Qb8 38. Rxc8 Qxc8 39. Nf6+ Kg7 40. Ng4 Qc7 41.
f4 Bb4 42. Qe2 Bd6 43. Ne5 Qb8 44. Qc2 Qh8 45. Kg1 Nxg3 46. Qg2 Qh4 47. Qf3 Ne4
48. Nd3 Nd2 49. Qf2 Qg4+ 50. Qg2 Qd1+ 51. Kf2 Ne4+ 52. Ke3 Bb4 53. Nc1 Nd6 54.
Qe2 Qg1+ 55. Kf3 Ne4 56. Qg2 Qd1+ 57. Ke3 Nd6 58. Qe2 0-1

[Event "NB I. Charousek csoport"]
[Site "Komlo"]
[Date "2023.12.10"]
[Round "5.4"]
[White "Karsa, Laszlo"]
[Black "Schmikli, Laszlo"]
[Result "1/2-1/2"]
[WhiteElo "2318"]
[BlackElo "2155"]
[PlyCount "37"]
[EventDate "2023.10.08"]
[EventType "team-tourn"]
[EventRounds "11"]
[EventCountry "HUN"]
[Source "chess.hu"]
[WhiteTeam "Komloi BSK"]
[BlackTeam "Gyori Elektromos"]
[WhiteTeamCountry "HUN"]
[BlackTeamCountry "HUN"]

1. Nf3 d5 2. e3 Nc6 3. c4 d4 4. exd4 Nxd4 5. Nxd4 Qxd4 6. Nc3 c6 7. d3 Bf5 8.
Be3 Qd7 9. d4 e6 10. Be2 Nf6 11. O-O Bd6 12. Qd2 Qc7 13. h3 Rd8 14. Rad1 O-O
15. Qc1 e5 16. c5 Be7 17. dxe5 Qxe5 18. b4 Ne4 19. Nxe4 1/2-1/2

[Event "NB I. Charousek csoport"]
[Site "Komlo"]
[Date "2023.12.10"]
[Round "5.6"]
[White "Amrein, Roland"]
[Black "Horvath, Tamas"]
[Result "1/2-1/2"]
[WhiteElo "2179"]
[BlackElo "2109"]
[PlyCount "63"]
[EventDate "2023.10.08"]
[EventType "team-tourn"]
[EventRounds "11"]
[EventCountry "HUN"]
[Source "chess.hu"]
[WhiteTeam "Komloi BSK"]
[BlackTeam "Gyori Elektromos"]
[WhiteTeamCountry "HUN"]
[BlackTeamCountry "HUN"]

1. e4 c5 2. Nf3 d6 3. Bb5+ Bd7 4. Bxd7+ Qxd7 5. c4 Nc6 6. d4 cxd4 7. Nxd4 Nf6
8. Nc3 g6 9. O-O Bg7 10. Nde2 O-O 11. Bg5 h6 12. Bxf6 Bxf6 13. Qd2 Bg7 14. Rad1
Qe6 15. b3 Qe5 16. f4 Qc5+ 17. Kh1 f5 18. Qd5+ Rf7 19. Qxc5 dxc5 20. e5 e6 21.
Rf3 Bf8 22. Rfd3 a6 23. Rd7 Rxd7 24. Rxd7 Rd8 25. Rxd8 Nxd8 26. Nc1 Nc6 27. Kg1
Nd4 28. Kf2 Be7 29. N1e2 Nxe2 30. Kxe2 Kf7 31. a3 Ke8 32. g3 1/2-1/2

[Event "NB I. Charousek csoport"]
[Site "Komlo"]
[Date "2023.12.10"]
[Round "5.7"]
[White "Jozsa, Csaba"]
[Black "Kresz, Adam"]
[Result "1/2-1/2"]
[WhiteElo "2145"]
[BlackElo "2157"]
[PlyCount "29"]
[EventDate "2023.10.08"]
[EventType "team-tourn"]
[EventRounds "11"]
[EventCountry "HUN"]
[Source "chess.hu"]
[WhiteTeam "Gyori Elektromos"]
[BlackTeam "Komloi BSK"]
[WhiteTeamCountry "HUN"]
[BlackTeamCountry "HUN"]

1. e4 e6 2. d4 d5 3. Nc3 Bb4 4. e5 c5 5. a3 Bxc3+ 6. bxc3 Ne7 7. Nf3 Qa5 8.
dxc5 Nd7 9. Bd3 Nxe5 10. O-O Nxd3 11. Qxd3 Qxc5 12. a4 f6 13. Ba3 Qc7 14. Rfe1
e5 15. Bxe7 1/2-1/2

[Event "NB I. Charousek csoport"]
[Site "Komlo"]
[Date "2023.12.10"]
[Round "5.8"]
[White "Kresz, Tamas"]
[Black "Kiss, Balazs"]
[Result "1-0"]
[WhiteElo "2135"]
[BlackElo "1949"]
[PlyCount "73"]
[EventDate "2023.10.08"]
[EventType "team-tourn"]
[EventRounds "11"]
[EventCountry "HUN"]
[Source "chess.hu"]
[WhiteTeam "Komloi BSK"]
[BlackTeam "Gyori Elektromos"]
[WhiteTeamCountry "HUN"]
[BlackTeamCountry "HUN"]

1. d4 d5 2. Nf3 e6 3. e3 Bd6 4. Bd3 f5 5. O-O Nf6 6. c4 c6 7. b3 Qe7 8. a4 Nbd7
9. cxd5 cxd5 10. Ba3 O-O 11. Bxd6 Qxd6 12. Qc1 Rd8 13. Qa3 Nf8 14. Rc1 Qxa3 15.
Nxa3 Bd7 16. Rc7 Bc6 17. Ne5 Rdc8 18. Rxc8 Rxc8 19. Rc1 N8d7 20. Nxd7 Nxd7 21.
Nb5 Ra8 22. Nc7 Rb8 23. Nxe6 g6 24. Nf4 Nf6 25. f3 Kf7 26. Kf2 Ke7 27. Rc5 Kd6
28. Be2 b6 29. Rc3 a5 30. Nd3 Nd7 31. Ne5 Bb7 32. Nf7+ Ke7 33. Rc7 Bc8 34. Bb5
Kxf7 35. Bxd7 Bxd7 36. Rxd7+ Kf6 37. Rxd5 1-0

[Event "NB I. Charousek csoport"]
[Site "Komlo"]
[Date "2023.12.10"]
[Round "5.9"]
[White "Restar, Laszlo Dr"]
[Black "Jeszenszky, Jozsef"]
[Result "0-1"]
[WhiteElo "1777"]
[BlackElo "2035"]
[PlyCount "68"]
[EventDate "2023.10.08"]
[EventType "team-tourn"]
[EventRounds "11"]
[EventCountry "HUN"]
[Source "chess.hu"]
[WhiteTeam "Gyori Elektromos"]
[BlackTeam "Komloi BSK"]
[WhiteTeamCountry "HUN"]
[BlackTeamCountry "HUN"]

1. e4 e6 2. d4 d5 3. Nd2 Nf6 4. e5 Nfd7 5. Bd3 c5 6. c3 Nc6 7. Ngf3 Qb6 8. O-O
cxd4 9. cxd4 Nxd4 10. Nxd4 Qxd4 11. Nf3 Qb6 12. Qa4 Qb4 13. Qc2 Nc5 14. Bxh7
Bd7 15. Bd2 Qg4 16. b4 Ba4 17. Qb2 Rxh7 18. bxc5 Bc6 19. Qb4 d4 20. Qb3 Bxc5
21. Rac1 Bb6 22. Rxc6 bxc6 23. Qa4 Rc8 24. Rc1 Kd7 25. Rc4 Qf5 26. Nxd4 Bxd4
27. Rxd4+ Ke8 28. Bb4 Qxe5 29. Qxa7 Qxh2+ 30. Kf1 Qc7 31. Qc5 Rh1+ 32. Ke2 Rh8
33. Rh4 Rg8 34. Rh8 Rxh8 0-1

[Event "NB I. Charousek csoport"]
[Site "Komlo"]
[Date "2023.12.10"]
[Round "5.10"]
[White "Solty, Laszlo"]
[Black "Petrecz, Gyula"]
[Result "1/2-1/2"]
[WhiteElo "2060"]
[BlackElo "1764"]
[PlyCount "96"]
[EventDate "2023.10.08"]
[EventType "team-tourn"]
[EventRounds "11"]
[EventCountry "HUN"]
[Source "chess.hu"]
[WhiteTeam "Komloi BSK"]
[BlackTeam "Gyori Elektromos"]
[WhiteTeamCountry "HUN"]
[BlackTeamCountry "HUN"]

1. e4 d5 2. exd5 Nf6 3. d4 Nxd5 4. c4 Nf6 5. Nf3 Bg4 6. Be2 e6 7. O-O Be7 8.
Be3 O-O 9. Nc3 c6 10. a3 Qc7 11. b4 a6 12. Qb3 Nbd7 13. h3 Bh5 14. Rfe1 Rfe8
15. Rac1 Bf8 16. g4 Bg6 17. Nh4 Ne4 18. Nb1 f5 19. Nxg6 hxg6 20. Bf3 Ndf6 21.
Nd2 e5 22. Nxe4 fxe4 23. Bg2 exd4 24. Bxd4 Qf4 25. Qe3 Qxe3 26. Rxe3 Rad8 27.
Bxf6 gxf6 28. Bxe4 Bh6 29. Rce1 Bxe3 30. Rxe3 Kg7 31. b5 axb5 32. cxb5 cxb5 33.
Kg2 Rd4 34. Kf3 b6 35. h4 b4 36. axb4 Rxb4 37. Kf4 Re5 38. f3 Re7 39. Rc3 b5
40. Rc6 Rc4 41. Rb6 b4 42. h5 gxh5 43. gxh5 Rf7 44. Kg3 Rc5 45. Bg6 Rg5+ 46.
Kf4 Rxg6 47. hxg6 Kxg6 48. Rxb4 Rd7 1/2-1/2